Finanční matematika v praxi
Saved in:
| Main Author: | |
|---|---|
| Other Authors: | |
| Format: | Book |
| Language: | Czech |
| Published: |
Praha
GRADA Publishing
2017
|
| Edition: | 2. aktualizované a rozšířené vydání |
| Subjects: | |
| Tags: |
No Tags, Be the first to tag this record!
|
MARC
| LEADER | 00000nam a2200000 4500 | ||
|---|---|---|---|
| 001 | 0248763 | ||
| 005 | 20240221112741.0 | ||
| 020 | |a 978-80-271-0250-1 | ||
| 020 | |a 978-80-271-9263-2 | ||
| 020 | |a 978-80-271-9264-9 | ||
| 041 | 0 | |a cze | |
| 044 | |a CZ | ||
| 245 | 1 | 0 | |a Finanční matematika v praxi |c Oldřich Šoba, Martin Širůček |
| 250 | |a 2. aktualizované a rozšířené vydání | ||
| 264 | 1 | |a Praha |b GRADA Publishing |c 2017 | |
| 300 | |a 330 s. | ||
| 610 | 2 | 0 | |a matematika finančná |
| 610 | 2 | 0 | |a úrok |
| 610 | 2 | 0 | |a sporenie dôchodkové |
| 610 | 2 | 0 | |a úver |
| 610 | 2 | 0 | |a pôžičky |
| 610 | 2 | 0 | |a rozhodovanie investičné |
| 610 | 2 | 0 | |a zmenky |
| 610 | 2 | 0 | |a papiere cenné |
| 610 | 2 | 0 | |a dlhopisy |
| 610 | 2 | 0 | |a trh akciový |
| 610 | 2 | 0 | |a trh menový |
| 100 | 1 | |a Šoba, Oldřich | |
| 700 | 1 | |a Širůček, Martin | |